000 nam a22 7a 4500
999 _c8989
_d8989
008 180122b ||||| |||| 00| 0 eng d
100 _95289
_a WESTWOOD .P
245 _aSPELLING
260 _aAUSTRALIA
_bACER
_c2016